El horario flexible /

Guardado en:
Autor Principal: Allenspach, Heinz.
Formato: Libro
Idioma:Spanish
Publicado: Ginebra : Oficina Internacional del Trabajo, 1975.
Etiquetas: Agregar Etiqueta
Sin Etiquetas, Sea el primero en etiquetar este registro!
LEADER 00460nam a22001575a 4500
001 EUN.um035513
003 AR-BaUNS
005 20050623122908.0
008 041125s1975####sz############000#0#spa#d
245 1 3 |a El horario flexible /  |c Heinz Allenspach. 
260 |a Ginebra :  |b Oficina Internacional del Trabajo,  |c 1975. 
300 |a 68 p. 
100 1 |a Allenspach, Heinz. 
082 0 4 |a 658.381 
082 0 4 |a 331.11 
859 |a Ar-BaUNS  |b BIB. CENTRAL - Sector C  |h 658.381  |i AL54  |p 72856/975